000 00341nam a2200121Ia 4500
008 180117s9999 xx 000 0 und d
100 _aby F Sionil Jose
245 _aLiterature and Nation
260 _c2017
300 _a25 pages, 2017 May 21
440 _aPhilippine Panorama
650 _aTRANSCRIPT OF NATIONAL ARTIST OF THE PHILIPPINES
999 _c353502
_d353502